zpět

Detail výsledku týmu

U Rybníčka, Ořechov

Datum a čas kvízu

39 Celkem bodů Celkový počet nahraných bodů na tomto kvízu bez doplňovacích otázek.
3. Pořadí na kvízu Konečné umístění týmu na tomto kvízu.

Zaznamenané odpovědi

# Otázka Odpověď Body Výsledky
1. Ve středu utekla jednomu chova... o pumě 0
2. Britský soud v pátek poslal do... C) funkční splachovací záchod 0
3. Minulý týden proběhl v Hradci... 30. ročník, Guns N' Roses 1
4. Česká mutace jednoho oblíbenéh... Playboy 1
5. Na turnaji Oktagon 72 v pražsk... Patrik Kincl; Machmud Muradov 1
6. Toto téma začneme prostě, a to... Mantikora (Mantichora) 0
7. Termínem Jókai (Yōkai) se ozna... D 0
8. V roce 2009 byl Rodinným autem... Škoda Yeti 0
9. V této otázce bude vaším úkole... 1B 2A 3C 4D 1
10. Na závěr jedno české mytologic... Blaník 1